Robert's Rules of order.

Parliamentary practice.

Bibliographic Details
Main Author: Robert, Henry M. (Henry Martyn), 1837-1923
Other Authors: Patnode, Darwin
Format: Book
Language:English
Published: New York : Berkley Books, 1993.
Edition:Modern edition, completely revised /
Subjects:

MARC

Tag First Indicator Second Indicator Subfields
LEADER 00000cam a2200000 a 4500
001 in00004484113
005 20191202143800.0
008 930728c19931989nyu 001 0 eng d
020 |a 042513928X :  |c $8.95 ($11.95 Can.) 
035 |a (OCoLC)28531013 
035 |9 AAG0312MS 
035 |z (UtOrBLW)18897 
035 |a 31101 
040 |a MVP  |c MVP  |d SLC  |d UtOrBLW 
049 |a TMVM  |c 1 
082 0 4 |a 060.42  |2 20 
096 |a JF 515  |b R641r 1989a 
100 1 |a Robert, Henry M.  |q (Henry Martyn),  |d 1837-1923. 
245 1 0 |a Robert's Rules of order. 
250 |a Modern edition, completely revised /  |b by Darwin Patnode. 
264 1 |a New York :  |b Berkley Books,  |c 1993. 
264 4 |c ©1989 
300 |a 155 pages ;  |c 18 cm. 
336 |a text  |2 rdacontent  |b txt 
337 |a unmediated  |2 rdamedia 
338 |a volume  |2 rdacarrier  |b nc 
500 |a "Original 1876 text by Major Henry M. Robert." 
500 |a Includes index. 
520 8 |a Parliamentary practice. 
650 2 |a Organizations. 
650 2 |a Social Control, Formal  |x methods. 
700 1 |a Patnode, Darwin. 
740 0 |a Rules of order. 
948 |a Retain per EC; 2002 evaluation; nb, 09/09/2002. 
999 |a MARS 
999 f f |s 0e4da57c-3753-30c0-85fe-622ae313c411  |i 7db787cf-b33d-3681-be17-ab7d0c1be5be  |t 0 
952 f f |p ric  |a Texas A&M University  |b Rellis Campus  |c Joint Library Facility  |d Remote Storage  |t 0  |e JF 515 R641r 1989a  |h National Library of Medicine classification  |i unmediated -- volume  |m 3238901047903 
998 f f |a JF 515 R641r 1989a  |t 0  |l Remote Storage